[Event "Druga liga Srbije grupa Vojvodina 2012"]
[Site "Kac"]
[Date "2012.10.15"]
[Round "2.1"]
[White "Kosic, Dragan"]
[Black "Dumpor, Atif"]
[Result "1-0"]
[WhiteElo "2509"]
[BlackElo "2359"]
[PlyCount "113"]
[EventDate "2012.10.14"]

1. d4 d5 2. c4 e6 3. Nc3 Nf6 4. cxd5 exd5 5. Bg5 Nbd7 6. e3 Be7 7. Bd3 c6 8.
Qc2 Nf8 9. Nge2 Ne6 10. Bh4 Nh5 11. Bxe7 Qxe7 12. O-O-O g6 13. Kb1 O-O 14. g4
Nf6 15. h3 c5 16. dxc5 Qxc5 17. Qb3 Bd7 18. Bc2 Bc6 19. Nd4 Rae8 20. Nce2 a5
21. Qc3 Qxc3 22. Nxc3 Nxd4 23. Rxd4 Re5 24. Rhd1 h5 25. Bb3 hxg4 26. hxg4 Ne4
27. Bxd5 Nxf2 28. R1d2 Nh3 29. Bxc6 bxc6 30. Ne4 Kg7 31. Rc2 Rfe8 32. Nd6 R8e6
33. Nc4 Rb5 34. a4 Rc5 35. b3 Ng5 36. Rd7 Re4 37. Nd6 Ree5 38. Rxc5 Rxc5 39.
Nc4 Nf3 40. Ra7 Ne5 41. Rxa5 Rxa5 42. Nxa5 Nxg4 43. Nc4 Nf6 44. a5 Nd5 45. a6
Nc3+ 46. Kc2 Nb5 47. Nd6 Nc7 48. a7 Kf8 49. Kd3 f5 50. Kc4 Ke7 51. Kc5 Kd7 52.
Nc4 g5 53. Ne5+ Kc8 54. Kxc6 g4 55. b4 g3 56. b5 g2 57. Nf3 1-0

[Event "Druga liga Srbije grupa Vojvodina 2012"]
[Site "Kac"]
[Date "2012.10.15"]
[Round "2.1"]
[White "Ratkovic, Milovan"]
[Black "Laketic, Gojko"]
[Result "1-0"]
[WhiteElo "2272"]
[BlackElo "2435"]
[PlyCount "63"]
[EventDate "2012.10.14"]

1. d4 d5 2. c4 c6 3. Nc3 Nf6 4. Nf3 a6 5. a4 e6 6. e3 Bb4 7. Bd3 Nbd7 8. O-O
O-O 9. Qc2 Bd6 10. e4 dxc4 11. Bxc4 e5 12. Be3 Ng4 13. Rad1 Nxe3 14. fxe3 Qe7
15. Qf2 b5 16. Bb3 Ra7 17. Qh4 Qxh4 18. Nxh4 Nf6 19. Nf3 Ng4 20. Rd3 b4 21. Ne2
Re7 22. h3 Nf6 23. dxe5 Bxe5 24. Ned4 Bxd4 25. exd4 Rxe4 26. Ne5 c5 27. Rxf6
gxf6 28. Rg3+ Bg4 29. Nxg4 Rxd4 30. Nh6+ Kh8 31. Nxf7+ Rxf7 32. Bxf7 1-0

[Event "Druga liga Srbije grupa Vojvodina 2012"]
[Site "Kac"]
[Date "2012.10.15"]
[Round "2.1"]
[White "Kosanovic, Goran A"]
[Black "Orlov, Konstantin"]
[Result "1/2-1/2"]
[WhiteElo "2363"]
[BlackElo "2247"]
[PlyCount "71"]
[EventDate "2012.10.14"]

1. e4 c5 2. Nc3 Nc6 3. g3 g6 4. Bg2 Bg7 5. d3 Nf6 6. f4 d6 7. Nf3 Rb8 8. O-O
O-O 9. h3 b5 10. Nh4 Nd4 11. Ne2 e5 12. Nxd4 cxd4 13. fxe5 Nh5 14. Nf5 dxe5 15.
Nxg7 Nxg7 16. Bh6 Be6 17. Qd2 Rc8 18. Rf2 f6 19. a4 Qd7 20. axb5 Rf7 21. Ra6
Qxb5 22. Qa5 Qxa5 23. Rxa5 Ne8 24. Ra6 Re7 25. c4 dxc3 26. bxc3 Rxc3 27. Bd2
Rxd3 28. Bb4 Bc8 29. Raxf6 Nxf6 30. Bxe7 Nd7 31. Kh2 Bb7 32. h4 Kg7 33. Rb2 Nb6
34. Rf2 Nd7 35. Rb2 Nb6 36. Rf2 1/2-1/2

[Event "Druga liga Srbije grupa Vojvodina 2012"]
[Site "Kac"]
[Date "2012.10.15"]
[Round "2.1"]
[White "Ratkovic, Miloje"]
[Black "Drazic, Sinisa"]
[Result "1/2-1/2"]
[WhiteElo "2202"]
[BlackElo "2511"]
[PlyCount "115"]
[EventDate "2012.10.14"]

1. d4 Nf6 2. c4 c5 3. Nf3 cxd4 4. Nxd4 b6 5. e3 Bb7 6. Nf3 g6 7. b3 Bg7 8. Bb2
O-O 9. Be2 d5 10. Nbd2 Nc6 11. O-O Rc8 12. Rc1 Qd6 13. cxd5 Qxd5 14. Bc4 Qh5
15. Qe2 Ng4 16. Bxg7 Kxg7 17. h3 Nf6 18. Ba6 Bxa6 19. Qxa6 Qf5 20. Qa4 Qd7 21.
Nc4 Rfd8 22. Qb5 Nb8 23. Qxd7 Rxd7 24. Na3 Rcd8 25. Nb5 Ne8 26. Nbd4 Rd5 27.
Nc6 Nxc6 28. Rxc6 R8d7 29. Rfc1 Nd6 30. Kf1 Ne4 31. Rc7 f6 32. Rxd7 Rxd7 33.
Ke2 e5 34. Rc2 Kf7 35. Nd2 Nc5 36. b4 Ne6 37. Nb3 Nc7 38. g3 h5 39. Nd2 Nd5 40.
a3 Ne7 41. Ne4 f5 42. Ng5+ Kf6 43. h4 e4 44. Rc3 Ke5 45. Nh3 Kd6 46. Nf4 a5 47.
bxa5 bxa5 48. Kd2 Rb7 49. Kc2 Rb5 50. Rb3 Rc5+ 51. Kd2 Kc6 52. Rc3 Kb5 53. a4+
Kb4 54. Rxc5 Kxc5 55. Kc3 Nd5+ 56. Nxd5 Kxd5 57. Kb3 Kc5 58. Kc3 1/2-1/2

[Event "Druga liga Srbije grupa Vojvodina 2012"]
[Site "Kac"]
[Date "2012.10.15"]
[Round "2.1"]
[White "Tesic, Dragan"]
[Black "Kostic, Branimir"]
[Result "1-0"]
[WhiteElo "2346"]
[BlackElo "2234"]
[PlyCount "65"]
[EventDate "2012.10.14"]

1. d4 Nf6 2. Nf3 e6 3. c4 b6 4. g3 Ba6 5. b3 Bb4+ 6. Bd2 Be7 7. Nc3 c6 8. e4 d5
9. e5 Ne4 10. Bd3 Nxc3 11. Bxc3 O-O 12. Qc2 h6 13. O-O Qd7 14. Rfd1 Qb7 15. Qe2
Rd8 16. h4 Nd7 17. cxd5 Bxd3 18. Rxd3 cxd5 19. Nh2 Rac8 20. Qh5 Bf8 21. Bd2 g6
22. Qe2 Qa6 23. h5 Bg7 24. Ng4 Rc2 25. a4 gxh5 26. Ne3 Rc7 27. Ng2 Nf8 28. Nf4
Ng6 29. Nxh5 Bf8 30. Kg2 Rc2 31. Nf6+ Kh8 32. Rh1 Bb4 33. Bxh6 1-0

[Event "Druga liga Srbije grupa Vojvodina 2012"]
[Site "Kac"]
[Date "2012.10.15"]
[Round "2.1"]
[White "Milojevic, Dusan"]
[Black "Kovacevic, Dragisa"]
[Result "1-0"]
[WhiteElo "2188"]
[BlackElo "2236"]
[PlyCount "65"]
[EventDate "2012.10.14"]

1. e4 d5 2. exd5 Qxd5 3. Nf3 Nf6 4. Nc3 Qd6 5. d4 c6 6. Ne5 Nbd7 7. Bf4 Nd5 8.
Nxd5 Qxd5 9. Be2 Nxe5 10. Bxe5 Qxg2 11. Bf3 Qg6 12. Qe2 Bh3 13. O-O-O Bg2 14.
Bxg2 Qxg2 15. d5 f6 16. Rhg1 Qh3 17. dxc6 bxc6 18. Bc3 Kf7 19. Kb1 Qf5 20. a4
a5 21. Rg3 g6 22. Re3 Rc8 23. Qc4+ Kg7 24. Re6 Rc7 25. f4 h5 26. Re5 Qg4 27.
Rde1 h4 28. Rg5 Qd7 29. Reg1 Rh6 30. Qe4 Kf7 31. Rxa5 c5 32. Ra8 Qe6 33. Rxf8+
1-0

[Event "Druga liga Srbije grupa Vojvodina 2012"]
[Site "Kac"]
[Date "2012.10.15"]
[Round "2.2"]
[White "Ilic, Aleksandar"]
[Black "Remecki, Sinisa"]
[Result "1/2-1/2"]
[WhiteElo "2110"]
[BlackElo "2212"]
[PlyCount "72"]
[EventDate "2012.10.14"]

1. d4 Nf6 2. c4 c5 3. e3 cxd4 4. exd4 d5 5. Nf3 g6 6. Nc3 Bg7 7. cxd5 Nxd5 8.
Qb3 Nb6 9. Bb5+ N8d7 10. O-O O-O 11. Re1 Nf6 12. h3 a6 13. Bf1 Nbd5 14. Bg5 b5
15. a4 Nxc3 16. bxc3 Be6 17. Qa3 Nd5 18. Bd2 Rb8 19. axb5 axb5 20. Rab1 Nc7 21.
Bf4 Rc8 22. Bxc7 Qxc7 23. Rbc1 Qb7 24. Qb4 Bc4 25. Rxe7 Qd5 26. Ree1 Bxf1 27.
Kxf1 Rc4 28. Qb2 Rfc8 29. Nd2 R4c6 30. Nb3 Bh6 31. Rc2 b4 32. Nc5 bxc3 33. Qxc3
Bg7 34. Rd2 Bxd4 35. Qxd4 Qxd4 36. Rxd4 Rxc5 1/2-1/2

[Event "Druga liga Srbije grupa Vojvodina 2012"]
[Site "Kac"]
[Date "2012.10.15"]
[Round "2.2"]
[White "Titov, Ivan"]
[Black "Pezelj, Novak"]
[Result "0-1"]
[WhiteElo "2173"]
[BlackElo "2310"]
[PlyCount "70"]
[EventDate "2012.10.14"]

1. d4 Nf6 2. Nf3 e6 3. e3 c5 4. Bd3 Nc6 5. O-O Qc7 6. c3 b6 7. Nbd2 Be7 8. a3
d5 9. b4 a6 10. Bb2 O-O 11. e4 dxe4 12. Nxe4 cxd4 13. cxd4 Bb7 14. Qc2 Nd5 15.
Neg5 g6 16. Rae1 Bf6 17. Re4 Nf4 18. Rc1 Nxd3 19. Qxd3 Qd8 20. Qe3 Ne7 21. Rg4
Nf5 22. Qf4 Qd5 23. Re1 Rac8 24. Ne4 Bg7 25. h4 Rc2 26. Ba1 h5 27. Rg5 Qa2 28.
Ne5 Re2 29. Rxe2 Qxe2 30. Ng3 Qd1+ 31. Kh2 Nxg3 32. Rxg3 Qxa1 33. Nxf7 Rxf7 34.
Qb8+ Kh7 35. Qe8 Rf6 0-1

[Event "Druga liga Srbije grupa Vojvodina 2012"]
[Site "Kac"]
[Date "2012.10.15"]
[Round "2.2"]
[White "Blagojevic, Srdjan"]
[Black "Vajdic, Nikola"]
[Result "0-1"]
[WhiteElo "2148"]
[BlackElo "2290"]
[PlyCount "72"]
[EventDate "2012.10.14"]

1. d4 d5 2. Nc3 Nf6 3. Bg5 c5 4. Nf3 Ne4 5. Bf4 Qa5 6. Bd2 Nxd2 7. Nxd2 cxd4 8.
Nb3 Qd8 9. Qxd4 e6 10. Rd1 Nc6 11. Qd2 Qf6 12. a3 Be7 13. g3 Ne5 14. Rb1 Bd7
15. Bg2 Nc4 16. Qd3 Rc8 17. Nd4 Bc5 18. e3 Bxd4 19. exd4 O-O 20. O-O Nd6 21.
Rfe1 Rc5 22. Rbd1 Rfc8 23. Bh3 Qd8 24. Rd2 R5c7 25. Nd1 Bb5 26. Qb3 Bc4 27. Qf3
Ne4 28. Rxe4 dxe4 29. Qxe4 Bd5 30. Qd3 Qd6 31. Ne3 Rd8 32. c4 Bc6 33. b4 a6 34.
Ng4 b5 35. Ne3 bxc4 36. Qxc4 Bg2 0-1

[Event "Druga liga Srbije grupa Vojvodina 2012"]
[Site "Kac"]
[Date "2012.10.15"]
[Round "2.2"]
[White "Jacimovic, Zoran"]
[Black "Banovic, Ivan"]
[Result "1/2-1/2"]
[WhiteElo "2168"]
[BlackElo "2148"]
[PlyCount "69"]
[EventDate "2012.10.14"]

1. e4 c5 2. Nf3 Nc6 3. Bb5 Qc7 4. Nc3 e6 5. O-O a6 6. Bxc6 Qxc6 7. d4 cxd4 8.
Nxd4 Qc7 9. Be3 Nf6 10. f3 b5 11. Qd2 d6 12. Nce2 Bd7 13. Ng3 Be7 14. c3 O-O
15. Rad1 Bc6 16. Nxc6 Qxc6 17. Kh1 Rac8 18. Bg5 Rfd8 19. Nh5 Qc7 20. Bxf6 Bxf6
21. Nxf6+ gxf6 22. Qh6 Qe7 23. f4 Kh8 24. Rd3 Rg8 25. Rh3 Rg7 26. Rff3 Qb7 27.
Rfg3 Rcg8 28. Rxg7 Rxg7 29. Rg3 Rxg3 30. hxg3 Kg8 31. Qxf6 Qxe4 32. Qd8+ Kg7
33. Qxd6 Qb1+ 34. Kh2 Qxa2 35. b4 1/2-1/2

[Event "Druga liga Srbije grupa Vojvodina 2012"]
[Site "Kac"]
[Date "2012.10.15"]
[Round "2.2"]
[White "Matic, Radovan"]
[Black "Besedes, Danilo"]
[Result "1-0"]
[WhiteElo "2159"]
[BlackElo "1845"]
[PlyCount "80"]
[EventDate "2012.10.14"]

1. e4 e5 2. Nf3 Nc6 3. Bc4 Bc5 4. d3 Nf6 5. O-O d6 6. h3 h6 7. Nc3 O-O 8. Na4
Bb6 9. a3 Be6 10. Nxb6 axb6 11. Bxe6 fxe6 12. Re1 Qe8 13. c3 Nh5 14. d4 Nf4 15.
dxe5 dxe5 16. Bxf4 Rxf4 17. Re3 Qg6 18. Qe2 Rd8 19. Re1 Rff8 20. Rd3 Rxd3 21.
Qxd3 Rd8 22. Qc2 Rd6 23. Re3 Kf7 24. a4 Ke7 25. b4 Qf6 26. Nd2 Qf4 27. Rd3 Rxd3
28. Qxd3 Nb8 29. g3 Qf6 30. Kg2 Nd7 31. Nc4 Qf8 32. Qd1 Qf6 33. Ne3 Qg6 34. Qd3
Nf6 35. f3 h5 36. Kf2 h4 37. g4 Qe8 38. Nc4 Nd7 39. Qd2 Qg6 40. Qxd7+ Kxd7 1-0

[Event "Druga liga Srbije grupa Vojvodina 2012"]
[Site "Kac"]
[Date "2012.10.15"]
[Round "2.3"]
[White "Galyas, Miklos"]
[Black "Roganovic, Milos"]
[Result "1/2-1/2"]
[WhiteElo "2423"]
[BlackElo "2518"]
[PlyCount "32"]
[EventDate "2012.10.14"]

1. d4 Nf6 2. c4 g6 3. Nc3 d5 4. Nf3 Bg7 5. Bg5 dxc4 6. Qa4+ Nfd7 7. e3 Nc6 8.
Qxc4 O-O 9. Be2 Nb6 10. Qb3 h6 11. Bh4 Be6 12. Qd1 Bc4 13. O-O Re8 14. Bxc4
Nxc4 15. Qe2 Nd6 16. Rfd1 Nf5 1/2-1/2

[Event "Druga liga Srbije grupa Vojvodina 2012"]
[Site "Kac"]
[Date "2012.10.15"]
[Round "2.3"]
[White "Sipos, Istvan"]
[Black "Somborski, Nebojsa"]
[Result "1/2-1/2"]
[WhiteElo "2459"]
[BlackElo "2342"]
[PlyCount "75"]
[EventDate "2012.10.14"]

1. Nf3 d5 2. c4 e6 3. g3 Nf6 4. Bg2 Be7 5. O-O O-O 6. b3 a5 7. Nc3 c6 8. d4 b6
9. Bb2 Ba6 10. Nd2 Ra7 11. Qc2 c5 12. dxc5 bxc5 13. Rfd1 Nc6 14. Rac1 Nb4 15.
Qb1 d4 16. Nb5 Rd7 17. a3 Nbd5 18. Nf3 Qb8 19. Nbxd4 cxd4 20. cxd5 Bxe2 21.
dxe6 Bxd1 22. exd7 Bxf3 23. Bxf3 Qxb3 24. Bc6 Qe6 25. Bxd4 Nxd7 26. Qb5 Rc8 27.
Kg2 Nf6 28. Qxa5 h6 29. a4 Ba3 30. Bd5 Nxd5 31. Rxc8+ Kh7 32. Rd8 Qe4+ 33. Kg1
Qb1+ 34. Kg2 Qe4+ 35. f3 Qe2+ 36. Kg1 Qd1+ 37. Kg2 Qe2+ 38. Kg1 1/2-1/2

[Event "Druga liga Srbije grupa Vojvodina 2012"]
[Site "Kac"]
[Date "2012.10.15"]
[Round "2.3"]
[White "Dekic, Josip"]
[Black "Sekulic, Dusan"]
[Result "1-0"]
[WhiteElo "2297"]
[BlackElo "2304"]
[PlyCount "107"]
[EventDate "2012.10.14"]

1. e4 e5 2. Nf3 Nc6 3. Bc4 Bc5 4. c3 Qe7 5. O-O d6 6. d4 Bb6 7. a4 a6 8. h3 Nf6
9. Re1 O-O 10. Be3 exd4 11. cxd4 Qxe4 12. Nc3 Qf5 13. g4 Qa5 14. g5 d5 15. Bb3
Ne4 16. Nxd5 Bxh3 17. Nd2 Nd6 18. Qf3 Bf5 19. Qf4 Rad8 20. Nf3 Nb4 21. Ne7+ Kh8
22. Bd2 Bg6 23. Ne5 Bh5 24. Qh4 g6 25. Nd3 Nxd3 26. Bxa5 Bxa5 27. Re3 Nxb2 28.
Qf4 f6 29. gxf6 Nbc4 30. Bxc4 Nxc4 31. f7 Kg7 32. Qg5 Nxe3 33. Qxa5 Nc4 34. Qg5
Kxf7 35. Re1 Rxd4 36. Qc5 Nd2 37. Re3 Rg4+ 38. Kh2 Nf1+ 39. Kh3 Nxe3 40. fxe3
Re8 41. Nd5 c6 42. Nf4 Rg1 43. Kh2 Rg4 44. Kh3 g5 45. Qf5+ Kg8 46. Ne6 Rh4+ 47.
Kg2 Bf7 48. Qxg5+ Bg6 49. Qxh4 Rxe6 50. Qd8+ Re8 51. Qd7 b5 52. a5 b4 53. Qb7
c5 54. Qxa6 1-0

[Event "Druga liga Srbije grupa Vojvodina 2012"]
[Site "Kac"]
[Date "2012.10.15"]
[Round "2.3"]
[White "Mijatovic, Dejan"]
[Black "Strangar, Zlatko"]
[Result "1/2-1/2"]
[WhiteElo "2271"]
[BlackElo "2221"]
[PlyCount "110"]
[EventDate "2012.10.14"]

1. Nf3 Nf6 2. c4 g6 3. b3 Bg7 4. Bb2 O-O 5. g3 d6 6. d4 c6 7. Bg2 d5 8. O-O Ne4
9. cxd5 cxd5 10. Nc3 Nxc3 11. Bxc3 Nc6 12. Ne5 Bf5 13. Nxc6 bxc6 14. Bb4 Re8
15. f4 Qd7 16. Qd2 Bh3 17. Rac1 Bxg2 18. Kxg2 Rac8 19. Bc5 f6 20. Rf2 Bh6 21.
Rc3 e5 22. e3 exf4 23. exf4 Re4 24. Re3 f5 25. Rxe4 fxe4 26. Qe3 a6 27. h3 Qe6
28. g4 Rc7 29. g5 Bg7 30. Qe2 Rf7 31. Qe3 Rf5 32. Kf1 Rf7 33. Kg2 h6 34. Kg3
Qf5 35. Qd2 Qd7 36. Qe3 Qe6 37. Kg2 Rb7 38. Kg3 Rb5 39. Rc2 Rb7 40. Rf2 Rf7 41.
Kg2 hxg5 42. fxg5 Rf5 43. Kg3 Bf8 44. Bxf8 Kxf8 45. Rxf5+ Qxf5 46. Qf4 Qxf4+
47. Kxf4 Kf7 48. b4 Ke6 49. a4 Kd6 50. Ke3 Ke7 51. Kf4 Ke6 52. h4 Kd6 53. Kg4
Ke7 54. Kg3 Kf7 55. Kg4 Ke6 1/2-1/2

[Event "Druga liga Srbije grupa Vojvodina 2012"]
[Site "Kac"]
[Date "2012.10.15"]
[Round "2.3"]
[White "Ivanovic, Miroslav"]
[Black "Lalic, Dragan"]
[Result "1-0"]
[WhiteElo "2104"]
[BlackElo "2321"]
[PlyCount "145"]
[EventDate "2012.10.14"]

1. d4 d5 2. Nf3 Nf6 3. c4 c6 4. e3 Bf5 5. Nc3 e6 6. Nh4 Bg6 7. Bd2 Nbd7 8. Nxg6
hxg6 9. Qb3 Qb6 10. cxd5 exd5 11. Bd3 Bd6 12. h3 O-O 13. O-O Rfe8 14. Qc2 Rac8
15. Rfc1 Bb8 16. b4 Nf8 17. a4 Qc7 18. g3 Ne6 19. Kg2 Ng5 20. h4 Nge4 21. Nxe4
Nxe4 22. Bxe4 Rxe4 23. b5 Qe7 24. Qb3 Rg4 25. Qd1 Qxh4 26. Qf3 Qh5 27. Rh1 Qf5
28. Rh3 Qxf3+ 29. Kxf3 f5 30. Rah1 Kf7 31. Rh8 Rxh8 32. Rxh8 Bd6 33. bxc6 bxc6
34. Ra8 Re4 35. Rxa7+ Re7 36. Ra6 Rc7 37. Ba5 Rc8 38. Ra7+ Kf6 39. Rd7 Be7 40.
Bb6 Ke6 41. Rb7 Ra8 42. a5 Bb4 43. Rxg7 Kf6 44. Rc7 Bxa5 45. Rxc6+ Kg5 46. Bxa5
Rxa5 47. Rc5 Ra2 48. Rxd5 Kf6 49. Rd6+ Kf7 50. g4 fxg4+ 51. Kg3 Re2 52. Rd5 Kf6
53. Re5 g5 54. Re4 Kf5 55. Rxg4 Re1 56. Kf3 Ra1 57. Re4 Ra2 58. Re5+ Kf6 59.
Kg3 Ra1 60. f4 gxf4+ 61. Kxf4 Rf1+ 62. Ke4 Ra1 63. Rb5 Ra3 64. Kf4 Ke6 65. e4
Rh3 66. Rb6+ Kd7 67. Rg6 Rh1 68. Kf5 Rh7 69. Rg5 Rh1 70. Ke5 Ra1 71. Rg7+ Kc6
72. d5+ Kc5 73. Rc7+ 1-0

[Event "Druga liga Srbije grupa Vojvodina 2012"]
[Site "Kac"]
[Date "2012.10.15"]
[Round "2.4"]
[White "Cabarkapa, Novak"]
[Black "Torbica, Milos"]
[Result "1-0"]
[WhiteElo "2244"]
[BlackElo "2279"]
[PlyCount "53"]
[EventDate "2012.10.14"]

1. e4 e6 2. d4 d5 3. Nc3 b6 4. Nf3 Nf6 5. e5 Nfd7 6. Bg5 Be7 7. h4 c6 8. g3 Ba6
9. Bxa6 Nxa6 10. Ne2 h6 11. Bxe7 Qxe7 12. c3 O-O 13. Nf4 c5 14. Qd3 Nab8 15.
Ng5 hxg5 16. hxg5 g6 17. g4 f5 18. gxf6 Rxf6 19. exf6 Qxf6 20. Nxg6 Kg7 21. Ne5
Nxe5 22. Qh7+ Kf8 23. dxe5 Qxe5+ 24. Kf1 Qg7 25. Qh8+ Qxh8 26. Rxh8+ Kg7 27.
Rc8 1-0

[Event "Druga liga Srbije grupa Vojvodina 2012"]
[Site "Kac"]
[Date "2012.10.15"]
[Round "2.4"]
[White "Marjanusic, Vladimir"]
[Black "Medar, Zeljko"]
[Result "0-1"]
[WhiteElo "2266"]
[BlackElo "2229"]
[PlyCount "76"]
[EventDate "2012.10.14"]

1. e4 c5 2. Nf3 e6 3. d4 cxd4 4. Nxd4 a6 5. Bd3 Nc6 6. Nxc6 dxc6 7. Nd2 Qc7 8.
O-O e5 9. Nc4 Nf6 10. f4 Bc5+ 11. Kh1 Ng4 12. Qf3 b5 13. Nxe5 Nxe5 14. fxe5 Bd4
15. Bf4 Be6 16. Qg3 Bxb2 17. Rab1 Bd4 18. a4 g6 19. axb5 axb5 20. Rf3 h6 21. c3
Bc5 22. Be3 Bf8 23. Rf6 Bg7 24. Rxe6+ fxe6 25. Qxg6+ Qf7 26. Qg4 h5 27. Qg3 h4
28. Qg4 Bxe5 29. Rf1 Qg8 30. Qh3 Qg6 31. Bc5 Rg8 32. Bb4 O-O-O 33. Be2 Rd2 34.
Bf3 Rd3 35. Rc1 Rgd8 36. Be7 R8d7 37. Bb4 Qf6 38. Qg4 Rd1+ 0-1

[Event "Druga liga Srbije grupa Vojvodina 2012"]
[Site "Kac"]
[Date "2012.10.15"]
[Round "2.4"]
[White "Popovic, Milan S"]
[Black "Mamuzic, Mirko"]
[Result "1/2-1/2"]
[WhiteElo "2087"]
[BlackElo "2248"]
[PlyCount "77"]
[EventDate "2012.10.14"]

1. e4 d5 2. exd5 Nf6 3. Bb5+ Nbd7 4. Nf3 Nxd5 5. d4 a6 6. Bd3 b5 7. O-O Bb7 8.
Re1 e6 9. c3 c5 10. Nbd2 Nf4 11. Be4 Nd5 12. Bc2 cxd4 13. Nxd4 Be7 14. Ne4 O-O
15. Qe2 Nc5 16. Nxc5 Bxc5 17. Qe4 g6 18. Bh6 Re8 19. Qe5 Qf6 20. Qxf6 Nxf6 21.
Nb3 Bxf2+ 22. Kxf2 Ng4+ 23. Kg1 Nxh6 24. Nc5 Bd5 25. a4 Bc6 26. g3 Kg7 27. b4
Ng8 28. Red1 Rec8 29. Rd6 Ne7 30. Bb3 bxa4 31. Bxa4 Bxa4 32. Rxa4 a5 33. Rd7
Kf8 34. Ra1 Nd5 35. Rf1 Ne7 36. Rb7 axb4 37. Nxe6+ Kg8 38. Rxe7 fxe6 39. Rff7
1/2-1/2

[Event "Druga liga Srbije grupa Vojvodina 2012"]
[Site "Kac"]
[Date "2012.10.15"]
[Round "2.4"]
[White "Milurovic, Uros"]
[Black "Matijevic, Radovan"]
[Result "1/2-1/2"]
[WhiteElo "2095"]
[BlackElo "2108"]
[PlyCount "71"]
[EventDate "2012.10.14"]

1. d4 c6 2. Nf3 d5 3. c3 Bf5 4. Bg5 Qb6 5. Qb3 Nd7 6. Nbd2 e6 7. e3 Ngf6 8. Bf4
Nh5 9. Bg3 Nxg3 10. hxg3 h6 11. Be2 Be7 12. Rc1 Qxb3 13. Nxb3 O-O 14. Rd1 a5
15. Nc1 b5 16. O-O a4 17. a3 f6 18. Bd3 Bxd3 19. Nxd3 Rfc8 20. Rfe1 f5 21. Nfe5
Nxe5 22. Nxe5 Rc7 23. Nd3 Bd6 24. f4 Kf7 25. Kf2 Kf6 26. Kf3 h5 27. Re2 c5 28.
dxc5 Bxc5 29. Nxc5 Rxc5 30. Red2 Rh8 31. Rh1 Rc4 32. Rd4 g6 33. Ke2 g5 34. Kf3
Kg6 35. Rh2 Rhc8 36. Rh1 1/2-1/2

[Event "Druga liga Srbije grupa Vojvodina 2012"]
[Site "Kac"]
[Date "2012.10.15"]
[Round "2.5"]
[White "Subotic, Srbislav"]
[Black "Marcak, Dejan"]
[Result "1/2-1/2"]
[WhiteElo "2180"]
[BlackElo "2152"]
[PlyCount "23"]
[EventDate "2012.10.14"]

1. d4 Nf6 2. c4 g6 3. Nc3 Bg7 4. e4 d6 5. g3 O-O 6. Bg2 c6 7. Nge2 e5 8. dxe5
dxe5 9. Qxd8 Rxd8 10. O-O Be6 11. b3 Na6 12. Be3 1/2-1/2

[Event "Druga liga Srbije grupa Vojvodina 2012"]
[Site "Kac"]
[Date "2012.10.15"]
[Round "2.6"]
[White "Petakov, Uros"]
[Black "Popov, Stevan"]
[Result "1/2-1/2"]
[WhiteElo "2338"]
[BlackElo "2204"]
[PlyCount "42"]
[EventDate "2012.10.14"]

1. d4 Nf6 2. Nf3 d5 3. e3 e6 4. Bd3 Be7 5. O-O O-O 6. b3 b6 7. Bb2 c5 8. Ne5
Bb7 9. Nd2 Nc6 10. f4 Rc8 11. a3 g6 12. Qe2 Ne8 13. Rad1 f5 14. Ndf3 Nxe5 15.
Nxe5 Nd6 16. c4 Qc7 17. cxd5 exd5 18. dxc5 bxc5 19. Rc1 Bf6 20. Rc2 Qe7 21. Re1
Nf7 1/2-1/2

[Event "Druga liga Srbije grupa Vojvodina 2012"]
[Site "Kac"]
[Date "2012.10.15"]
[Round "2.6"]
[White "Jovanovic, Milenko"]
[Black "Stanojevic, Branko"]
[Result "1/2-1/2"]
[WhiteElo "2192"]
[BlackElo "2312"]
[PlyCount "28"]
[EventDate "2012.10.14"]

1. d4 Nf6 2. c4 e6 3. Nf3 b6 4. a3 Bb7 5. Nc3 d5 6. cxd5 exd5 7. Bg5 Be7 8. e3
O-O 9. Bd3 Nbd7 10. Rc1 Re8 11. O-O a6 12. Bf4 c5 13. dxc5 Nxc5 14. Bf5 g6
1/2-1/2

[Event "Druga liga Srbije grupa Vojvodina 2012"]
[Site "Kac"]
[Date "2012.10.15"]
[Round "2.6"]
[White "Kovacevic, Dragan"]
[Black "Rajic, Dobrivoje"]
[Result "1-0"]
[WhiteElo "2216"]
[BlackElo "2105"]
[PlyCount "105"]
[EventDate "2012.10.14"]

1. e4 e5 2. Nf3 Nc6 3. Bc4 Nf6 4. d3 Be7 5. Nbd2 O-O 6. c3 d5 7. Bb5 Bd6 8. O-O
Ne7 9. Ba4 c6 10. Bc2 Qc7 11. Re1 g6 12. Nf1 Kg7 13. d4 dxe4 14. dxe5 Bxe5 15.
Bxe4 Nxe4 16. Rxe4 Bf6 17. Bf4 Qa5 18. Be5 Ng8 19. Ne3 Be6 20. Ra4 Qd8 21. Rd4
Qc8 22. h3 Rd8 23. c4 Rxd4 24. Qxd4 Qd8 25. Qc3 Qe7 26. Re1 Kf8 27. Ng4 Bxe5
28. Ngxe5 c5 29. Ng4 h5 30. Nge5 Rd8 31. Qe3 Kg7 32. b3 b6 33. Nd3 Qf6 34. Nf4
Re8 35. Nd5 Bxd5 36. Qxe8 Bxf3 37. gxf3 Qxf3 38. Qe3 Qc6 39. Qe5+ Nf6 40. Rd1
Qf3 41. Rd6 h4 42. a4 Qf5 43. Qxf5 gxf5 44. f3 Nh5 45. Rd7 Nf4 46. Kh2 Ne6 47.
Rxa7 Nd4 48. Rb7 Nxb3 49. Rxb6 Na5 50. Rb5 Nxc4 51. a5 Nd6 52. Rxc5 Nb7 53. Rb5
1-0

[Event "Druga liga Srbije grupa Vojvodina 2012"]
[Site "Kac"]
[Date "2012.10.15"]
[Round "2.6"]
[White "Skoko, Milan"]
[Black "Kovacevic, Slavko"]
[Result "1-0"]
[WhiteElo "2204"]
[BlackElo "2187"]
[PlyCount "93"]
[EventDate "2012.10.14"]

1. e4 c5 2. c3 e6 3. d4 d5 4. exd5 Qxd5 5. Nf3 Nc6 6. Na3 cxd4 7. Nb5 Bd6 8.
Bc4 Qe4+ 9. Be3 Bb8 10. Nbxd4 Nxd4 11. Qxd4 Qxd4 12. Bxd4 f6 13. O-O-O Ne7 14.
Rhe1 Kf7 15. Bc5 Nc6 16. Nd4 Nxd4 17. Rxd4 Re8 18. f4 f5 19. b3 Bc7 20. Bb5 Rd8
21. Rxd8 Bxd8 22. Rd1 Be7 23. Be3 a6 24. Bd7 a5 25. a4 Rb8 26. Kc2 Bxd7 27.
Rxd7 Ke8 28. Ba7 Ra8 29. Rxb7 g5 30. Be3 Ra6 31. g3 h6 32. Rb6 Rxb6 33. Bxb6
gxf4 34. gxf4 Bd6 35. Be3 Kd7 36. Kd2 h5 37. b4 e5 38. b5 Kc7 39. fxe5 Bxe5 40.
Bg1 Kd6 41. Kd3 Kd5 42. c4+ Kd6 43. h3 Bg3 44. Bb6 Be1 45. c5+ Kd5 46. c6 Kd6
47. Be3 1-0

[Event "Druga liga Srbije grupa Vojvodina 2012"]
[Site "Kac"]
[Date "2012.10.15"]
[Round "2.6"]
[White "Zolotic, Zoran"]
[Black "Djurdjevic, Petar M"]
[Result "1-0"]
[WhiteElo "2237"]
[BlackElo "2158"]
[PlyCount "91"]
[EventDate "2012.10.14"]

1. Nf3 Nf6 2. c4 g6 3. b3 Bg7 4. Bb2 O-O 5. g3 c5 6. Bg2 Nc6 7. O-O d6 8. d4
Ne4 9. Nc3 Nxc3 10. Bxc3 Bg4 11. e3 Qc8 12. Qd2 Qf5 13. Ne1 Bh3 14. Rd1 Rad8
15. f3 Bxg2 16. Kxg2 cxd4 17. exd4 d5 18. c5 e5 19. Nc2 Rfe8 20. Rf2 h5 21. b4
a6 22. a4 Qd7 23. b5 Nxd4 24. Bxd4 exd4 25. bxa6 bxa6 26. Qa5 h4 27. gxh4 Bf6
28. Nxd4 Bxh4 29. c6 Qe7 30. Rc2 Qg5+ 31. Kh1 Qf4 32. Qd2 Qc7 33. Qd3 Bf6 34.
Ne2 a5 35. Rb1 Be5 36. Nd4 Bxd4 37. Qxd4 Qd6 38. Rb5 Re1+ 39. Kg2 Qe6 40. c7
Rc8 41. Rb8 Re2+ 42. Rxe2 Qxe2+ 43. Qf2 Qe6 44. Rxc8+ Qxc8 45. Qb6 Qf5 46. Qb8+
1-0